LEADER 01114nam--2200373---450- 001 990003060960203316 005 20080204171510.0 010 $a978-88-15-12073-1 035 $a000306096 035 $aUSA01000306096 035 $a(ALEPH)000306096USA01 035 $a000306096 100 $a20080204d2007----km-y0itay50------ba 101 $aita 102 $aIT 105 $a||||||||001yy 200 1 $aChiesa cattolica e mondo moderno$escritti in onore di Paolo Prodi$fa cura di Adriano Prosperi, Pierangelo Schiera e Gabriella Zarri 210 $aBologna$cIl Mulino$d2007 215 $a544 p.$d24 cm 410 0$12001 454 1$12001 606 0 $aChiesa cattolica romana$xStoria$ySec. 16.-19. 676 $a282.09 702 1$aPROSPERI,$bAdriano 702 1$aSCHIERA,$bPierangelo 702 1$aZARRI,$bGabriella 801 0$aIT$bsalbc$gISBD 912 $a990003060960203316 951 $aX.2.B. 1691$b203851 L.M.$cX.2.B.$d00067094 959 $aBK 969 $aUMA 979 $aALESSANDRA$b90$c20080204$lUSA01$h1715 996 $aChiesa cattolica e mondo moderno$91022409 997 $aUNISA